000
00298nam a2200121Ia 4500
008
191201s2011 xx 000 0 und d
100
_a
JAIN,Saurabh
245
0
_a
Introduction to Biotechnology
260
_a
N. Delhi
_b
Professional Pub
_c
2011
300
_a
382
650
_a
Applied
942
_2
ddc
_c
BK
999
_c
5175
_d
5175